Central Library OPAC University of Rajshahi

Minding the gaps : (Record no. 60148)

MARC details
000 -LEADER
fixed length control field 01438nam a2200361 a 4500
001 - CONTROL NUMBER
control field 60148
003 - CONTROL NUMBER IDENTIFIER
rucl marc code BD-RjUL
005 - DATE AND TIME OF LATEST TRANSACTION
control field 20211209080817.0
008 - FIXED-LENGTH DATA ELEMENTS--GENERAL INFORMATION
fixed length control field 161228s2008 dcua sb i001 0 eng d
020 ## - INTERNATIONAL STANDARD BOOK NUMBER
International Standard Book Number 9780821372050
International Standard Book Number 082137205X
International Standard Book Number 9780821372067 (electronic)
International Standard Book Number 0821372068 (electronic)
035 ## - SYSTEM CONTROL NUMBER
System control number BD-RjUL60272
040 ## - CATALOGING SOURCE
Original cataloging agency DLC
Transcribing agency DLC
Modifying agency BTCTA
-- YDXCP
-- BAKER
-- C#P
-- BWX
-- CUS
-- DLC
-- WaSeSS
Language of cataloging eng
041 ## - LANGUAGE CODE
Language code of text/sound track or separate title eng
082 00 - DEWEY DECIMAL CLASSIFICATION NUMBER
Classification number 362.5561091724
Edition number 22
Author mark and year MIN 2008
245 00 - TITLE STATEMENT
Title Minding the gaps :
Remainder of title integrating poverty reduction strategies and budgets for domestic accountability /
Statement of responsibility, etc. Vera A. Wilhelm and Philipp Krause, editors.
260 ## - PUBLICATION, DISTRIBUTION, ETC. (IMPRINT)
Place of publication, distribution, etc. Washington, DC :
Name of publisher, distributor, etc. World Bank,
Date of publication, distribution, etc. c2008.
300 ## - PHYSICAL DESCRIPTION
Pagination 182 p. ;
Size 21 cm.
504 ## - BIBLIOGRAPHY, ETC. NOTE
Bibliography, etc Includes bibliographical references (p. 173-176) and index.
506 ## - RESTRICTIONS ON ACCESS NOTE
Terms governing access License restrictions may limit access.
650 #0 - SUBJECT ADDED ENTRY--TOPICAL TERM
Topical term or geographic name as entry element Poverty
General subdivision Government policy
Geographic subdivision Developing countries.
9 (RLIN) 179047
Topical term or geographic name as entry element Budget
Geographic subdivision Developing countries.
9 (RLIN) 179048
Topical term or geographic name as entry element Economic assistance
Geographic subdivision Developing countries
General subdivision Management.
9 (RLIN) 173949
700 1# - ADDED ENTRY--PERSONAL NAME
Personal name Wilhelm, Vera,
Dates associated with a name 1960-
Personal name Krause, Philipp,
Dates associated with a name 1978-
710 2# - ADDED ENTRY--CORPORATE NAME
Corporate name or jurisdiction name as entry element World Bank.
9 (RLIN) 171728
773 #0 - HOST ITEM ENTRY
Title Open Knowledge Repository
856 40 - ELECTRONIC LOCATION AND ACCESS
Uniform Resource Identifier <a href="http://www.columbia.edu/cgi-bin/cul/resolve?clio7694809">http://www.columbia.edu/cgi-bin/cul/resolve?clio7694809</a>
Public note Full text available from Open Knowledge Repository
942 ## - ADDED ENTRY ELEMENTS (KOHA)
Source of classification or shelving scheme Dewey Decimal Classification
Koha item type Books
Holdings
Lost status Source of classification or shelving scheme Damaged status Not for loan Collection code Permanent Location Current Location Shelving location Date acquired Source of acquisition Cost, normal purchase price Total Checkouts Full call number Date last seen Copy number Koha item type
  Dewey Decimal Classification   Not For Loan Non-fiction Central Library, University of Rajshahi Central Library, University of Rajshahi Reading Room 14/05/2009 Dhaka, MIDAS 25.00   362.5561091724 MIN 2008 28/12/2016 C-1 Books